Ineos Grenadiers Riders 2026 - Statistics

General Stats
  • This quiz has been taken 11 times
  • The average score is 20 of 29
Answer Stats
Country Rider Name % Correct
GBR Ben Swift
100%
GBR Conor Swift
100%
ITA Filippo Ganna
100%
NED Thymen Arensman
100%
USA Andrew August
80%
FRA Axel Laurance
80%
LUX Bob Jungels
80%
ESP Carlos Rodriguez
80%
FRA Dorian Godon
80%
COL Egan Bernal
80%
AUS Jack Haig
80%
BEL Laurens De Plus
80%
POL Michal Kwiatkowski
80%
ESP Oscar Rodriguez
80%
USA Artem Shmidt
60%
GBR Ben Turner
60%
COL Brandon Rivera
60%
GBR Josh Tarling
60%
GER Kim Heiduk
60%
AUS Lucas Hamilton
60%
DEN Peter Oxenburg
60%
GBR Samuel Watson
60%
AUS Sam Welsford
60%
MON Victor Langellotti
60%
NOR Embret Svestad-Bardseng
40%
FRA Kevin Vauquelin
40%
USA Magnus Sheffield
40%
GBR Oscar Onley
40%
NOR Tobias Foss
40%
No matching quizzes found
Score Distribution
Percent of People with Each Score
Percentile by Number Answered
Your Score History
You have not taken this quiz